Bangladesh economy ; an analytical study /

Bibliographic Details
Main Author: Dutt, Kalyan, 1924-
Other Authors: Dasgupta, Ranajit, 1932-, Chatterjee, Anil, 1925-
Format: Book
Language:English
Published: New Delhi : People's Pub. House, [1973]
Subjects:

MARC

Tag First Indicator Second Indicator Subfields
LEADER 00000cam a2200000 4500
001 in00000221613
005 20151009080557.0
008 740214s1973 ii b b 00110 eng
010 |a  73905951  
035 |a (OCoLC)00821316 
035 |9 AAZ5465AM 
037 |c Rs25.00 
040 |a DLC  |c DLC  |d TXA  |d UtOrBLW 
043 |a a-bg--- 
049 |a TXAM  |c [1151875] 
050 0 0 |a HC440.8  |b .D88 
082 0 |a 330.9/549/205 
100 1 |a Dutt, Kalyan,  |d 1924- 
245 1 0 |a Bangladesh economy ;  |b an analytical study /  |c [by] Kalyan Dutt, Ranajit Dasgupta [and] Anil Chatterjee. 
264 1 |a New Delhi :  |b People's Pub. House,  |c [1973] 
300 |a xi, 267 pages :  |b maps. ;  |c 22 cm. 
336 |a text  |b txt  |2 rdacontent 
337 |a unmediated  |b n  |2 rdamedia 
338 |a volume  |b nc  |2 rdacarrier 
504 |a Includes bibliographical references. 
651 0 |a Bangladesh  |x Economic conditions. 
700 1 |a Dasgupta, Ranajit,  |d 1932- 
700 1 |a Chatterjee, Anil,  |d 1925- 
999 |a MARS 
999 f f |s 591bf371-183d-38a4-8dc0-72ce8a8f6abb  |i e57bc3e4-2434-3e38-a6c1-4f45551c133d  |t 0 
952 f f |p ric  |a Texas A&M University  |b Rellis Campus  |c Joint Library Facility  |d Remote Storage  |t 0  |e HC440.8 .D88  |h Library of Congress classification  |i unmediated -- volume  |m A14802601980 
998 f f |a HC440.8 .D88  |t 0  |l Remote Storage